000 00966pam a2200289 i 4500
999 _c128814
_d128814
001 2754429
003 ARRUPE
005 20190124101839.0
008 790828s1979 nyua b 001 0 eng
010 _a 79020977
020 _a0026097303 :
_c$12.95
040 _aDLC
_cDLC
_dDLC
043 _ae------
050 0 0 _aSPC. GN776.2.A1
_bS47
082 0 0 _a936
100 1 _aService, Alastair,
_d1933-
_944142
245 1 0 _aMegaliths and their mysteries :
_bthe standing stones of Old Europe /
_cAlastair Service and Jean Bradbery.
260 _aLondon :
_bWeidenfeld and Nicolson,
_cc1979.
300 _a284 p. :
_bill. ;
_c21 cm.
500 _aIncludes index.
504 _aBibliography: p. 268-275.
650 0 _aMegalithic monuments
_zEurope.
_943989
650 0 _aNeolithic period
_zEurope.
_944143
651 0 _aEurope
_xAntiquities.
_943934
700 1 _aBradbery, Jean,
_ejoint author.
_944144
906 _a7
_bcbc
_corignew
_d1
_eocip
_f19
_gy-gencatlg
942 _2lcc
_cSPC